MARC details
| 000 -LEADER |
| campo de control de longitud fija |
02319nam a2200385 i 4500 |
| 001 - NÚMERO DE CONTROL |
| campo de control |
196265 |
| 003 - IDENTIFICADOR DE NÚMERO DE CONTROL |
| campo de control |
ES-MaACL |
| 005 - FECHA Y HORA DE LA ÚLTIMA TRANSACCIÓN |
| campo de control |
20250711063133.0 |
| 008 - DATOS DE LONGITUD FIJA--INFORMACIÓN GENERAL |
| campo de control de longitud fija |
240823s2018 sp a | |||| 000 p spa |
| 015 ## - NÚMERO DE BIBLIOGRAFÍA NACIONAL |
| Número de bibliografía nacional |
MON17 |
| 017 ## - NÚMERO DE COPYRIGHT O DE DEPÓSITO LEGAL |
| Número de copyright o de depósito legal |
M 34999-2017 |
| Agencia que asigna |
Oficina Depósito Legal Madrid |
| 020 ## - NÚMERO INTERNACIONAL ESTÁNDAR DEL LIBRO |
| Número Internacional Estándar del Libro |
9788494804601 |
| 035 ## - NÚMERO DE CONTROL DEL SISTEMA |
| Número de control de sistema |
(OCoLC)1055862750 |
| 035 ## - NÚMERO DE CONTROL DEL SISTEMA |
| Número de control de sistema |
(SpMaBN)a6190923 |
| 035 ## - NÚMERO DE CONTROL DEL SISTEMA |
| Número de control de sistema |
991010976119708606 |
| 040 ## - FUENTE DE CATALOGACIÓN |
| Centro catalogador/agencia de origen |
SpMaBN |
| Lengua de catalogación |
spa |
| Centro/agencia transcriptor |
SpMaBN |
| Normas de descripción |
rdc |
| Centro/agencia modificador |
ES-MaACL |
| 080 ## - NÚMERO DE LA CLASIFICACIÓN DECIMAL UNIVERSAL |
| Número de la Clasificación Decimal Universal |
821.134.2-14"19" |
| 100 1# - ENTRADA PRINCIPAL--NOMBRE DE PERSONA |
| Nombre de persona |
Díez de la Cortina Montemayor, Susana, |
| Fechas asociadas al nombre |
1966- |
| 9 (RLIN) |
240351 |
| Término indicativo de función/relación |
Autor |
| 245 13 - MENCIÓN DEL TÍTULO |
| Título |
La senda impar / |
| Mención de responsabilidad, etc. |
Susana Díez de la Cortina Montemayor ; [ilustraciones, Antonio Fernández Heliodoro]. |
| 250 ## - MENCION DE EDICION |
| Mención de edición |
Primera edición: enero de 2018 |
| 260 ## - PUBLICACIÓN, DISTRIBUCIÓN, ETC. |
| Lugar de publicación, distribución, etc. |
Morata de Tajuña, Madrid : |
| Nombre del editor, distribuidor, etc. |
Manuscritos, |
| Fecha de publicación, distribución, etc. |
2018.. |
| 300 ## - DESCRIPCIÓN FÍSICA |
| Extensión |
118 p. : |
| Otras características físicas |
il. col. ; |
| Dimensiones |
23 cm. |
| 336 ## - TIPO DE CONTENIDO |
| Término de tipo de contenido |
Texto (visual) |
| Fuente |
isbdcontent |
| 337 ## - TIPO DE MEDIO |
| Nombre/término del tipo de medio |
sin mediación |
| Fuente |
isbdmedia |
| 338 ## - TIPO DE SOPORTE |
| Fuente |
rdacarrier |
| Nombre/término del tipo de soporte |
volumen |
| 520 ## - RESUMEN, ETC. |
| Sumario, etc. |
La senda impar se inspira en el Camino de Santiago y su vinculación con el Juego de la Oca para proponernos, con una mirada lúdica y al mismo tiempo críptica, un recorrido simbólico por la vigilia y por el sueño de una única senda, introspectiva e impar, en la que los pensamientos diurnos se entreveran con imágenes oníricas en un camino jalonado de hitos como la posada, el puente, el pozo, el laberinto o la escalera:<br/>[...] Sólo el sol y la luna al sucederse<br/>darán sentido al incesante cambio<br/>de tus días en y tránsito y tus noches<br/>en duermevela de sueños y de pasos.<br/>Tus caminos los trazan en el cielo<br/>los senderos de Auca y Vía Láctea:<br/>cuando tu estrella duerme, la oca vuela,<br/>cuando la estrella brilla, tu oca sueña. |
| 655 #7 - TERMINO DE INDIZACIÓN--GENERO/FORMA |
| Fuente del término |
tgfbne |
| 9 (RLIN) |
176539 |
| Datos o término principal de género/forma |
Poesías |
| 700 ## - ENTRADA AGREGADA--NOMBRE PERSONAL |
| Nombre de persona |
Fernández Heliodoro, Antonio, |
| Fechas asociadas al nombre |
1938- |
| 9 (RLIN) |
238595 |
| Término indicativo de función/relación |
Ilustrador |
| 852 ## - LOCALIZACIÓN |
| Ubicación |
ES-MaACL |
| Sublocalización o colección |
R.152088 |
| Ubicación en estantería |
Depósito J |
| Número de control de estantería |
N-9319 |
| Anotaciones manuscritas |
Dedicatoria autógrafa de la autora |
| Donativo/Legado |
Donación: Susana Diez de la Cortina Montemayor |
| Encuadernación |
Encuadernación rústica con solapas |
| itemnumber |
205390 |
| 903 ## - NOMBRE PERSONAL DE DONANTE |
| 9 |
240351 |
| a |
Díez de la Cortina Montemayor, Susana, |
| e |
Donante |
| d |
1966- |
| 942 ## - ELEMENTOS DE ENTRADA SECUNDARIOS (KOHA) |
| Tipo de ítem Koha |
Libro impreso |
| Suprimir en OPAC |
No |